000
00237nam a2200097Ia 4500
008
191206s9999 xx 000 0 und d
020
_a
869201794
090
_a
DT962..F67G29
245
2
_a
A town called Victoria
260
_a
Rhodesiana prints
999
_c
15384
_d
15384